Library of the University of Algiers 3
Ibrahim Sultan Cheibout
شعار جامعة الجزائر 3
مكتبة جامعة الجزائر 3
إبراهيم سلطان شيبوط

النظرية الاقتصادية الكلية / (رقم التسجيلة. 46034)

تفاصيل مارك
000 -LEADER
fixed length control field 01590nam a2200229Ia 4500
003 - CONTROL NUMBER IDENTIFIER
control field Ost
005 - DATE AND TIME OF LATEST TRANSACTION
control field 20260507075731.0
008 - FIXED-LENGTH DATA ELEMENTS--GENERAL INFORMATION
fixed length control field 260507s9999||||xx |||||||||||||| ||und||
040 ## - CATALOGING SOURCE
Transcribing agency fsecg
041 ## - LANGUAGE CODE
Language code of text/sound track or separate title ara
082 ## - DEWEY DECIMAL CLASSIFICATION NUMBER
Classification number 339.01
100 ## - MAIN ENTRY--PERSONAL NAME
Personal name نعمة الله، احمد رمضان
Relator term مؤلف
245 #0 - TITLE STATEMENT
Title النظرية الاقتصادية الكلية /
Statement of responsibility, etc. احمد رمضان نعمة الله
260 ## - PUBLICATION, DISTRIBUTION, ETC.
Place of publication, distribution, etc. الإسكندرية:
Name of publisher, distributor, etc. ,
Date of publication, distribution, etc. 2003
300 ## - PHYSICAL DESCRIPTION
Extent 410 صفحة؛
Dimensions 24 سم
520 ## - SUMMARY, ETC.
Summary, etc. يتناول هذا الكتاب دراسة سلوك الاقتصاد ككل من حيث الرواج والكساد والناتج الكلى من السلع المستخلص التشابك بين القطاعات الاقتصادية ، دالة الاستهلاك، الاستثمار، الطلب الحكومي ، التوازن في سوق الانتاج، العرض النقدي ، الطلب على النقودّ، التوازن في السوق النقدي ، تحديد التوازن في سوق الانتاج و السوق النقدي، توازن الدخل القومي في ظل الاقتصاد المفتوح ، التضخم والنظريات المفسرة له الاطار التحليلي للتضخم، تحليل أثر الصدمة العرض وصدمات الطلب التضخمية ، مفهوم التخلف و خصائصهمفهوم النمو والتنمية
653 ## - INDEX TERM--UNCONTROLLED
Uncontrolled term الإقتصاد الكلي
653 ## - INDEX TERM--UNCONTROLLED
Uncontrolled term التضخم
653 ## - INDEX TERM--UNCONTROLLED
Uncontrolled term الطلب
700 ## - ADDED ENTRY--PERSONAL NAME
Personal name ناصف، ايمان عطية
Relator term مؤلف ثانوي
942 ## - ADDED ENTRY ELEMENTS (KOHA)
Koha item type كتب
المقتنيات
Withdrawn status Lost status Source of classification or shelving scheme Damaged status Not for loan Home library Current library Date acquired Serial enumeration / chronology Inventory number Total checkouts Full call number Barcode Date last seen Price effective from Koha item type
    Library of Congress Classification   NOT LOAN / إعارة داخلية مكتبة كلية العلوم الإقتصادية والعلوم التجارية وعلوم التسيير مكتبة كلية العلوم الإقتصادية والعلوم التجارية وعلوم التسيير 07/05/2026 الطابق الأرضي 1179/1   أ/1179ن1 1179/1 07/05/2026 07/05/2026 كتب
    Dewey Decimal Classification   Available مكتبة كلية العلوم الإقتصادية والعلوم التجارية وعلوم التسيير مكتبة كلية العلوم الإقتصادية والعلوم التجارية وعلوم التسيير 07/05/2026 الطابق الأرضي 1179/2   أ/1179ن2 1179/2 07/05/2026 07/05/2026 كتب
    Dewey Decimal Classification   Available مكتبة كلية العلوم الإقتصادية والعلوم التجارية وعلوم التسيير مكتبة كلية العلوم الإقتصادية والعلوم التجارية وعلوم التسيير 07/05/2026 الطابق الأرضي 1179/3   أ/1179ن3 1179/3 07/05/2026 07/05/2026 كتب
    Dewey Decimal Classification   Available مكتبة كلية العلوم الإقتصادية والعلوم التجارية وعلوم التسيير مكتبة كلية العلوم الإقتصادية والعلوم التجارية وعلوم التسيير 07/05/2026 الطابق الثاني 1179/4   أ/1179ن4 1179/4 07/05/2026 07/05/2026 كتب
    Dewey Decimal Classification   Available مكتبة كلية العلوم الإقتصادية والعلوم التجارية وعلوم التسيير مكتبة كلية العلوم الإقتصادية والعلوم التجارية وعلوم التسيير 07/05/2026 الطابق الثاني 1179/5   أ/1179ن5 1179/5 07/05/2026 07/05/2026 كتب

موارد الويب المفتوحة


© University of Algiers 3 All Rights Reserved
|
Implemented by LECHELAH Riad